Top 10 Most Irish U.S. States - Statistics

General Stats
  • This quiz has been taken 234 times
  • The average score is 9 of 10
Answers on the Map
Answers color-coded by a green-red scale on the quiz's map according to % correct below.
 
Answer Stats
Answer % Correct
New York
99%
Massachusetts
96%
Maine
95%
Pennsylvania
94%
Rhode Island
94%
Connecticut
93%
Vermont
93%
New Hampshire
91%
Iowa
57%
Montana
57%
No matching quizzes found
Score Distribution
Percent of People with Each Score
Percentile by Number Answered
Your Score History
You have not taken this quiz